La morphologie du désert - Statistiques

Statistiques générales
  • Ce quiz a été pris 5 fois
  • Le résultat moyen est 5 sur 12
Statistiques - réponses
Par images Réponse % Correct
Cône de déjection
100%
Dépression salé
50%
Dunes barkhanes
50%
Dunes en étoiles
50%
Dunes paraboliques
50%
Dunes transversales
50%
Ventifact
50%
Yardangs
50%
Dunes barchanoides
0%
Dunes longitudinale
0%
Inselbergs
0%
Terrasse alluviale
0%
Aucun quiz correspondant
Distribution des résultats
% des personnes avec chaque résultat
Percentile par nombre de réponses
Votre historique - résultats
Vous n’avez pas pris ce quiz